[Event "URS-chT"]
[Site "Azov"]
[Date "1991.??.??"]
[Round "?"]
[White "Brodsky, Michail"]
[Black "Budnikov, Alexandar"]
[Result "1-0"]
[WhiteElo "2310"]
[BlackElo "2525"]

1.e4 e6 2.d4 d5 3.Nd2 Nc6 4.Ngf3 Nf6 5.e5 Nd7 6.Nb3 a5 7.a4 b6 8.Bb5 Ncb8
9.Bg5 Be7 10.Bxe7 Qxe7 11.O-O Ba6 12.c3 c6 13.Bxa6 Nxa6 14.Nc1 c5 15.Ne2 O-O
16.Re1 Rfb8 17.b3 Rc8 18.Qd3 Nf8 19.g3 Qc7 20.Rec1 Qb7 21.h4 Rab8 22.Nf4 c4
23.bxc4 Rxc4 24.Nd2 Rc6 25.Rcb1 Nc7 26.c4 dxc4 27.Nxc4 Qa6 28.Rc1 Nd5 29.Nd6 Qxd3
30.Nxd3 Rc3 31.Rxc3 Nxc3 32.Kf1 Nd7 33.Ke1 Kf8 34.Kd2 Nd5 35.Rc1 Ke7 36.h5 f6
37.f4 Ra8 38.Nb2 Rg8 39.Nd1 fxe5 40.fxe5 Rf8 41.Ke2 b5 42.Nxb5 N7b6 43.Ndc3 Rf5
44.Nxd5+ Nxd5 45.Nd6 Rxh5 46.Rf1 Nc3+ 47.Kd3 Nxa4 48.Rf7+ Kd8 49.Rxg7 Nb6
50.Nb7+ Ke8 51.Nc5 Rh6 52.Ke4 Nc4 53.Nxe6 a4 54.Nc5 a3 55.Ra7 Rh2 56.Kd3 Nb2+
57.Kc3 Nd1+ 58.Kb3 Rd2 59.Ne6 Rd3+ 60.Kc2 Nf2 61.d5 Re3 62.d6  1-0

[Event "URS Spartakiada (Women)"]
[Site "Azov"]
[Date "1991.??.??"]
[Round "7"]
[White "Florova, Olga"]
[Black "Alieva, Elvira"]
[Result "1-0"]
[WhiteElo "2165"]
[BlackElo "2170"]

1.e4 e6 2.d4 d5 3.Nd2 Nc6 4.Ngf3 Nf6 5.e5 Nd7 6.Bd3 Be7 7.c3 a5 8.a4 Na7
9.O-O c5 10.Re1 Nc6 11.Nf1 cxd4 12.cxd4 Nb4 13.Bb1 O-O 14.h4 f6 15.exf6 Nxf6
16.Ng5 Qb6 17.Nf3 e5 18.dxe5 Ng4 19.Be3 Bc5 20.Bxh7+ Kh8 21.e6 Nh6 22.Bxc5 Qxc5
23.Qe2 Qe7 24.Rac1 Nc6 25.Bb1 Qf6 26.Qc2 g6 27.Qxg6 Qxg6 28.Bxg6 Kg7 29.h5  1-0

[Event "JUG-ch"]
[Site "Banja Vrucica"]
[Date "1991.??.??"]
[Round "?"]
[White "Sibarevic, Milenko"]
[Black "Drasko, Milan"]
[Result "0-1"]
[WhiteElo "2370"]
[BlackElo "2500"]

1.e4 e6 2.d4 d5 3.Nd2 Nc6 4.Ngf3 Nf6 5.e5 Nd7 6.Be2 Be7 7.Nf1 O-O 8.Ne3 f6
9.exf6 Nxf6 10.O-O Bd6 11.c4 b6 12.b3 Ne7 13.Ne5 c5 14.Bb2 Qc7 15.Bf3 Bb7
16.cxd5 exd5 17.Rc1 Rad8 18.Qc2 Bxe5 19.dxe5 Nd7 20.Rfe1 Rxf3 21.gxf3 Nxe5
22.Bxe5 Qxe5 23.Ng4 Qd6 24.b4 c4 25.b5 Ng6 26.Re3 Qc5 27.Re6 d4 28.Nh6+ Kf8
29.Qf5+ Qxf5 30.Nxf5 d3 31.Rd6 Rxd6 32.Nxd6 d2 33.Ra1 Bxf3  0-1

[Event "JUG-ch"]
[Site "Banja Vrucica"]
[Date "1991.??.??"]
[Round "?"]
[White "Zakic, Srdjan"]
[Black "Drasko, Milan"]
[Result "1/2-1/2"]
[WhiteElo "2350"]
[BlackElo "2500"]

1.e4 e6 2.d4 d5 3.Nd2 Be7 4.Ngf3 Nf6 5.e5 Nfd7 6.Bd3 c5 7.c3 Nc6 8.O-O g5
9.dxc5 Nxc5 10.Bb5 a6 11.Bxc6+ bxc6 12.Nd4 Qc7 13.Qh5 Nd3 14.N2f3 c5 15.Nxg5 cxd4
16.Qxf7+ Kd8 17.cxd4 Qb6 18.Qf3 Qxd4 19.Be3 Qh4 20.g3 Qc4 21.b3 Qc2 22.Nf7+ Kd7
23.Nxh8 Nxe5 24.Qf4 Qe4 25.f3 Qxf4 26.gxf4 Nc6 27.Nf7 Bf6 28.Ne5+ Nxe5 29.fxe5 Bxe5
30.Rad1 Bb7 31.Rd2 Rc8 32.Rfd1 a5 33.Kf2 Bc3 34.Rd3 e5 35.Rxd5+ Bxd5 36.Rxd5+ Ke6
37.Rc5 Rxc5 38.Bxc5 Kd5 39.Bb6 Bd4+ 40.Bxd4 Kxd4 41.Ke2 Kc3 42.Ke3 Kb2 43.Kd3 Kxa2
44.Kc2 Ka1 45.Kc1 Ka2 46.Kc2 Ka1 47.Kc1  1/2-1/2

[Event "Pan American"]
[Site "Bariloche"]
[Date "1991.??.??"]
[Round "9"]
[White "Sequeira, Joao F A"]
[Black "Playa, Marcelo"]
[Result "1-0"]
[WhiteElo "2285"]
[BlackElo "2295"]

1.e4 e6 2.d4 d5 3.Nd2 a6 4.Ngf3 c5 5.exd5 exd5 6.Be2 c4 7.b3 cxb3 8.axb3 Bd6
9.O-O Ne7 10.Bd3 O-O 11.Re1 Bf5 12.Nf1 Nbc6 13.c3 b5 14.Ne3 Bxd3 15.Qxd3 Qd7
16.Re2 f5 17.Rea2 f4 18.Nc2 Rf5 19.b4 a5 20.bxa5 g5 21.Ba3 g4 22.Bxd6 gxf3
23.Bxe7 Nxe7 24.Qxf3 Ng6 25.a6 Qg7 26.Ne3 Rg5 27.Nxd5 Rf8 28.Qe4 Nh4 29.Nxf4 Rxf4
30.Qxf4 Rxg2+ 31.Kh1 Ng6 32.Qb8+ Nf8 33.a7  1-0

[Event "Pan American"]
[Site "Bariloche"]
[Date "1991.??.??"]
[Round "11"]
[White "Vescovi, Giovanni"]
[Black "Playa, Marcelo"]
[Result "1-0"]
[WhiteElo "2260"]
[BlackElo "2295"]

1.e4 e6 2.d4 d5 3.Nd2 a6 4.Ngf3 c5 5.exd5 exd5 6.Be2 c4 7.O-O Bd6 8.b3 cxb3
9.axb3 Ne7 10.Re1 O-O 11.Nf1 Bb4 12.Bd2 Bxd2 13.Qxd2 Nbc6 14.Ng3 Bg4 15.h3 Bxf3
16.Bxf3 Qd6 17.Rad1 b5 18.c4 bxc4 19.bxc4 dxc4 20.Qe2 Rad8 21.d5 Nb4 22.Qxe7 Qxe7
23.Rxe7 c3 24.Rc7 c2 25.Rc1 Rc8 26.Rxc8 Rxc8 27.Be4 Kf8 28.d6 Rc4 29.Nf5 Ke8
30.f3 g6 31.Ne3 Rc3 32.Nd5 Nxd5 33.Bxd5 f5 34.Kf2 Kd7 35.Ke2 Kxd6 36.Kd2 Rc7
37.Bb3 Ke5 38.g3 h5 39.f4+ Kf6 40.Rxc2 Rd7+ 41.Ke3 Rd6 42.h4 Kg7 43.Rc7+ Kf8
44.Ra7 Rb6 45.Bc4 Rb4 46.Kd4 Rb1 47.Ke5  1-0

[Event "Beijing op"]
[Site "Beijing"]
[Date "1991.??.??"]
[Round "2"]
[White "Zhao Lan"]
[Black "Budnikov, Alexandar"]
[Result "0-1"]
[WhiteElo "2160"]
[BlackElo "2440"]

1.e4 e6 2.d4 d5 3.Nd2 Nc6 4.Ngf3 Nf6 5.e5 Nd7 6.c3 f6 7.exf6 Qxf6 8.Nb3 Bd6
9.Be2 h6 10.Be3 b6 11.Qd2 Bb7 12.O-O-O O-O-O 13.Kb1 Rhe8 14.Ka1 e5 15.Rc1 Kb8
16.h4 Ne7 17.g4 Qf7 18.Rhg1 e4 19.Ne1 Ng6 20.c4 dxc4 21.Bxc4 Bd5 22.Bxd5 Qxd5
23.h5 Nh4 24.g5 Nf5 25.Nc2 a5 26.Qc3 Nf8 27.Nd2 Ne6 28.gxh6 gxh6 29.Nc4 Rg8
30.Rxg8 Rxg8 31.Nxd6 Nxd6 32.Bxh6 Qxh5 33.Be3 Qd5 34.Na3 Kb7 35.Qc2 Nf5 36.Nb5 Rg2
37.Qa4 Qd7 38.Qc4 Nxe3 39.fxe3 Rg3 40.Qe2 Qd5 41.Nc3 Qg5 42.Qc4 Rg1 43.Nxe4 Qxe3
44.Qc6+ Kb8 45.Nd2 Rxc1+ 46.Qxc1 Nxd4 47.Qc3 Qg1+ 48.Nb1 a4 49.Qc4 Qd1 50.a3 Nb3+
51.Ka2 Qxb1+  0-1

[Event "Beijing op"]
[Site "Beijing"]
[Date "1991.??.??"]
[Round "2"]
[White "Yang Xian"]
[Black "Eingorn, Vereslav S"]
[Result "0-1"]
[WhiteElo "2385"]
[BlackElo "2575"]

1.e4 e6 2.d4 d5 3.Nd2 a6 4.Ngf3 c5 5.exd5 exd5 6.Be2 c4 7.b3 cxb3 8.axb3 Nc6
9.O-O Bb4 10.Bb5 Ne7 11.Ne5 Qb6 12.Bxc6+ Nxc6 13.Ndf3 O-O 14.Nxc6 Qxc6 15.Qd3 Qc3
16.Ba3 Qxd3 17.cxd3 Bxa3 18.Rxa3 Bf5 19.b4 Rac8 20.Re1 f6 21.h3 Bd7 22.Kf1 Bb5
23.Re7 Rc1+ 24.Ke2 Rb1 25.Rc3 Bc6 26.Nd2 Rxb4 27.Nb3 Rf7 28.Re6 Rc7 29.Nc5 Kf7
30.Ke3 Rb2 31.Kf3 a5 32.Re3 Bd7 33.Ra3 b6  0-1

[Event "Belgrade-C"]
[Site "Belgrade"]
[Date "1991.??.??"]
[Round "4"]
[White "Marinkovic, Ivan"]
[Black "Gluzman, Mikhail"]
[Result "0-1"]
[WhiteElo "2455"]
[BlackElo "2400"]

1.e4 e6 2.d4 d5 3.Nd2 a6 4.Ngf3 c5 5.exd5 exd5 6.Be2 c4 7.b3 cxb3 8.axb3 Bd6
9.c4 Nc6 10.Nf1 Nge7 11.Ne3 O-O 12.O-O Bf5 13.Nh4 Be4 14.f3 Bg6 15.Nxg6 hxg6
16.f4 Qc7 17.g3 dxc4 18.bxc4 Rad8 19.d5 Bc5 20.Kh1 Rfe8 21.Bf3 Bxe3 22.Bxe3 Na5
23.Rxa5 Qxa5 24.Qb3 b5 25.c5 Nxd5 26.Bxd5 Rxd5 27.Qxd5 Rxe3 28.Qa8+ Kh7 29.f5 g5  0-1

[Event "Berliner Sommer"]
[Site "Berlin"]
[Date "1991.??.??"]
[Round "?"]
[White "Tseitlin, Mikhail S"]
[Black "Eingorn, Vereslav S"]
[Result "1/2-1/2"]
[WhiteElo "2480"]
[BlackElo "2585"]

1.e4 e6 2.d4 d5 3.Nd2 a6 4.Ngf3 c5 5.dxc5 Bxc5 6.Bd3 Nf6 7.O-O Nc6 8.a3 a5
9.exd5 exd5 10.Nb3 Bb6 11.Qe2+ Be6 12.Ng5 Qe7 13.Be3 Bg4 14.Qd2 Bxe3 15.fxe3 h6
16.Nf3 O-O 17.Nbd4 Bxf3 18.Rxf3 Ne4 19.Bxe4 dxe4 20.Rf4 Nxd4 21.Qxd4 Rfe8
22.Raf1 Rad8 23.Qc4 Rd7 24.Qa4 Qd8 25.Rxe4 Rxe4 26.Qxe4 Re7 27.Qd4 Qxd4 28.exd4 Re2
29.Rf5 Rxc2 30.Rb5 Rd2 31.d5 f5 32.h4 f4 33.a4 b6 34.b3 Kf7 35.Rxb6 Rxd5
36.Kf2 g5 37.Rxh6 g4 38.Rb6 Rd2+ 39.Kf1 g3 40.h5 Rf2+ 41.Kg1 Rb2 42.Kf1 Rf2+  1/2-1/2

[Event "Biel Mixed"]
[Site "Biel"]
[Date "1991.??.??"]
[Round "8"]
[White "Antonio, Rogelio Jr"]
[Black "Landenbergue, Claude"]
[Result "1/2-1/2"]
[WhiteElo "2495"]
[BlackElo "2415"]

1.e4 e6 2.d4 d5 3.Nd2 Nc6 4.Ngf3 Nf6 5.e5 Nd7 6.c3 f6 7.exf6 Qxf6 8.Bb5 Bd6
9.Nf1 e5 10.Be3 O-O 11.Ng3 e4 12.Nd2 Ne7 13.Qc2 Kh8 14.O-O-O Qh4 15.Rde1 Nf6
16.f3 Nf5 17.Bf2 Qg5 18.fxe4 Nxg3 19.Be3 Qg6 20.hxg3 dxe4 21.Nf3 Qxg3 22.Nh4 Be6
23.Kb1 c6 24.Ba4 Rae8 25.c4 Rc8 26.c5 Bc7 27.Qe2 Kg8 28.Bb3 Bxb3 29.Nf5 Qg4
30.Ne7+ Kf7 31.Qxg4 Nxg4 32.Nxc8 Bc4 33.Nd6+ Bxd6 34.cxd6 Kg6 35.Kc1 Rf6
36.b3 Bd3 37.Rh4 h5 38.Kd2 Rxd6 39.Reh1 Rd5 40.Rc1 Nf6 41.Rc5 Rd7 42.Rg5+ Kf7
43.Rf4 Ke6 44.Re5+ Kd6 45.Rff5 Kc7 46.Rg5 Bb1 47.a3 b6 48.Re6 Kb7 49.Kc1 Bd3
50.Bg1 Rf7 51.Rf5 Rd7 52.Be3 Be2 53.Rfe5 Nd5 54.Rxe4 Bg4 55.R6e5 Nc3 56.Bg5 Nxe4
57.Rxe4 Bf5 58.Re5 g6 59.Be3 h4 60.a4 a5 61.Re8 Rh7 62.Bf4 Rd7 63.Be3 h3
64.gxh3 Bxh3 65.Kd2 Bg2 66.Kc3 Rh7 67.Bg5 Rh1 68.Re3 Rc1+ 69.Kb2 Rf1 70.Rg3 Be4
71.Bd2 Rb1+ 72.Kc3 Kc8 73.Re3 Bf5 74.Re1 Rxe1 75.Bxe1 g5 76.b4 g4 77.bxa5 bxa5
78.Kc4 Bc2  1/2-1/2

[Event "Bled op"]
[Site "Bled"]
[Date "1991.??.??"]
[Round "?"]
[White "Konarkowska Sokolov, Henrijeta"]
[Black "Grinfeld, Alla B"]
[Result "1/2-1/2"]
[WhiteElo "2095"]
[BlackElo "2225"]

1.e4 e6 2.d4 d5 3.Nd2 a6 4.Ngf3 c5 5.exd5 exd5 6.dxc5 Bxc5 7.Nb3 Ba7 8.Bd3 Ne7
9.O-O O-O 10.Re1 Nbc6 11.c3 Qd6 12.Bc2 Bf5 13.Be3 Bxe3 14.Rxe3 Rad8 15.Bxf5 Nxf5
16.Rd3 Nfe7 17.Qd2 Qc7 18.Re1 h6 19.Nbd4 Nxd4 20.Rxd4 Rd7 21.c4 Rfd8 22.Rd1 Kf8
23.h3 Ke8 24.Qe2 dxc4 25.Rxd7 Rxd7 26.Rxd7 Qxd7 27.Qxc4 Qd1+ 28.Kh2 Qd6+
29.Kg1 Qd1+ 30.Kh2  1/2-1/2

[Event "Latin Cup"]
[Site "Bogota"]
[Date "1991.??.??"]
[Round "3"]
[White "Zapata, Alonso"]
[Black "Diaz, Ricardo"]
[Result "1-0"]
[WhiteElo "2530"]
[BlackElo "2235"]

1.e4 e6 2.d4 d5 3.Nd2 a6 4.Ngf3 c5 5.exd5 exd5 6.dxc5 Bxc5 7.Nb3 Ba7 8.Be2 Ne7
9.O-O O-O 10.Nbd4 Nbc6 11.Be3 Re8 12.Qd3 Ng6 13.Rad1 Nge5 14.Nxe5 Nxe5 15.Qb3 Ng4
16.Bxg4 Bxg4 17.Rd2 Qd7 18.h3 Bxd4 19.Rxd4 Be6 20.Rfd1 Rac8 21.c3 Rc6 22.Qc2 Qe7
23.Rf4 b5 24.Qd2 Rc4 25.Bd4 Qg5 26.b3 Rcc8 27.Rxf7 Qxd2 28.Rxg7+ Kf8 29.Rxd2 Re7
30.Rg5 Rc6 31.b4 Ke8 32.Bc5 Rf7 33.Rg8+ Kd7 34.Ra8 Kc7 35.Re2 Bc8 36.Re8 Bb7
37.Rad8 Rxc5 38.bxc5 Kc6 39.Rf8 Rc7 40.Kf1 Kxc5 41.Ke2 b4 42.Kd2 a5 43.Rf4 Re7
44.cxb4+ axb4 45.a3 bxa3 46.Ra4 d4 47.g3 Bf3 48.Rxa3 Re2+ 49.Kd3 Rxf2 50.Rxd4 Bg2
51.Rc3+ Kb5 52.Rh4 Rf7 53.Rh5+ Kb6 54.Rh6+ Kb5 55.Kd4 Rd7+ 56.Ke5 Bf1 57.Ke6 Rg7
58.Kd6 Bc4 59.Re3 Kb4 60.Rh4  1-0

[Event "Brno Morava-D"]
[Site "Brno"]
[Date "1991.??.??"]
[Round "11"]
[White "Pribyl, Martin"]
[Black "Kapengut, Albert Z"]
[Result "1-0"]
[WhiteElo "2305"]
[BlackElo "2450"]

1.e4 e6 2.d4 d5 3.Nd2 Be7 4.e5 c5 5.c3 cxd4 6.cxd4 Qb6 7.Ndf3 Bd7 8.Ne2 Bb5
9.Nc3 Bxf1 10.Kxf1 Nc6 11.g3 h5 12.h3 Nh6 13.Kg2 Nf5 14.Ne2 Kd7 15.a3 Rag8
16.Qd3 g5 17.g4 Nh6 18.Nh2 hxg4 19.hxg4 f5 20.exf6 Bxf6 21.Be3 Qa6 22.Qxa6 bxa6
23.b4 Ne7 24.Rac1 Ng6 25.Rc5 Nf4+ 26.Bxf4 gxf4 27.Rhc1 Bd8 28.Nxf4 Nxg4 29.Nxg4 Rxg4+
30.Kf3 Rhg8 31.Rc6 Rh4 32.Nxe6 Rh3+ 33.Kf4 Rh4+ 34.Kf3 Bb6 35.a4 Rh3+ 36.Kf4 Rh4+
37.Kf5 Rh5+ 38.Kf6 Rgh8 39.Kf7 R5h6 40.Rc7+ Bxc7 41.Rxc7+ Kd6 42.Rxa7 R8h7+
43.Ng7 Rh2 44.Rxa6+ Kd7 45.f4 Rg2 46.Ra7+ Kc6 47.Kg8 Rh4 48.b5+ Kb6 49.Ra6+ Kb7
50.f5 Rxd4 51.f6 Rf2 52.f7 Rdf4 53.Ne6 Rg4+ 54.Kf8 Rc4 55.Ke7 d4 56.a5 Rb4
57.Nc5+ Kb8 58.Nd7+ Kb7 59.Nf6  1-0

[Event "Autoteam"]
[Site "Budapest"]
[Date "1991.??.??"]
[Round "2"]
[White "Mueller, Karsten"]
[Black "Drasko, Milan"]
[Result "1/2-1/2"]
[WhiteElo "2425"]
[BlackElo "2495"]

1.e4 e6 2.d4 d5 3.Nd2 Be7 4.Bd3 c5 5.dxc5 Nd7 6.exd5 exd5 7.Nb3 a5 8.a4 Ngf6
9.Be3 Qc7 10.Nf3 O-O 11.O-O Nxc5 12.Bxc5 Bxc5  1/2-1/2

[Event "Cansys GM-Nov"]
[Site "Budapest"]
[Date "1991.??.??"]
[Round "3"]
[White "Berebora, Ferenc"]
[Black "Vigh, Bela"]
[Result "0-1"]
[WhiteElo "2310"]
[BlackElo "2340"]

1.e4 e6 2.d4 d5 3.Nd2 Nc6 4.Ngf3 Nf6 5.e5 Nd7 6.Bb5 a6 7.Bxc6 bxc6 8.Nb3 c5
9.Bg5 Be7 10.Na5 Nb8 11.Bxe7 Qxe7 12.c3 O-O 13.O-O c4 14.b4 c6 15.Qd2 Ra7
16.Rae1 Rc7 17.Re2 Nd7 18.a4 Nb6 19.Ra1 Bd7 20.Qe3 Rb8 21.Rea2 Be8 22.g4 Nd7
23.Rb2 c5 24.Rab1 cxd4 25.Nxd4 Nb6 26.b5 Nxa4 27.Rb4 Rxb5 28.Nxb5 axb5 29.Rxa4 bxa4
30.Rb8 a3 31.Qb6 Kf8 32.Nc6 a2 33.Nxe7 a1=Q+ 34.Kg2 Rxe7 35.Qc5 Qa6 36.g5 h6
37.h4 hxg5 38.hxg5 d4 39.Qxd4 Qc6+ 40.Kh2 Qd5 41.Qf4 Rb7  0-1

[Event "Elekes mem"]
[Site "Budapest"]
[Date "1991.??.??"]
[Round "5"]
[White "Foldi, Istvan"]
[Black "Atalik, Suat"]
[Result "0-1"]
[WhiteElo "2320"]
[BlackElo "2420"]

1.e4 e6 2.d4 d5 3.Nd2 a6 4.Ngf3 c5 5.exd5 exd5 6.Be2 c4 7.b3 cxb3 8.axb3 Bb4
9.O-O Ne7 10.Ba3 Bxa3 11.Rxa3 Nbc6 12.c3 O-O 13.Re1 Ng6 14.g3 Qd6 15.Ra2 Be6
16.Nf1 Rac8 17.Ng5 Bd7 18.Ne3 Qf6 19.h4 Nce7 20.c4 h6 21.Nf3 dxc4 22.bxc4 Nf5
23.Nd5 Qd6 24.h5 Nge7 25.Nf4 Bc6 26.c5 Qd8 27.d5 Nxd5 28.Rd2 Nxf4 29.Rxd8 Rcxd8
30.Qb3 Nxe2+ 31.Rxe2 Bxf3 32.Qxf3 Nd4 33.Qe3 Nxe2+ 34.Qxe2 a5 35.Qb5 Ra8
36.Qa4 Rfc8 37.Qa3 a4 38.Kg2 Ra5 39.Qb4 Rca8 40.Qxb7 a3  0-1

[Event "Escom IM-A"]
[Site "Budapest"]
[Date "1991.??.??"]
[Round "5"]
[White "Zakic, Srdjan"]
[Black "Rosenthal, Dirk"]
[Result "1/2-1/2"]
[WhiteElo "2350"]
[BlackElo "2345"]

1.e4 e6 2.d4 d5 3.Nd2 a6 4.Ngf3 Nf6 5.e5 Nfd7 6.Bd3 c5 7.c3 Nc6 8.O-O Qb6
9.dxc5 Bxc5 10.Qe2 f6 11.exf6 Nxf6 12.Nb3 Bd6 13.Nbd4 Nxd4 14.cxd4 O-O 15.Bg5 Bd7
16.Bh4 Rae8 17.Bg3 Bxg3 18.hxg3 Bb5 19.Bxb5 axb5 20.Rad1 Ne4 21.Ne5 Rf5 22.Rd3 Re7
23.g4 Rf8 24.Qe3 Rc8 25.Rc1 Rec7 26.Rxc7 Qxc7 27.f3 Qc1+ 28.Qxc1 Rxc1+ 29.Kh2 Nd6
30.Ra3 Kf8 31.Ra8+ Ke7 32.Nd3 Rc4 33.Nc5 Rxd4 34.Nxb7 Nc4 35.b4 Rd2 36.Nc5 Ne3
37.Ra7+ Kf6 38.Ra6 Nxg2 39.Rxe6+ Kf7 40.Rb6 Rxa2 41.Kg3 Ne1  1/2-1/2

[Event "Budapest IM (Women)"]
[Site "Budapest"]
[Date "1991.??.??"]
[Round "7"]
[White "Ghinda, Eugenia"]
[Black "Ladanyike Karakas, Eva"]
[Result "1-0"]
[WhiteElo "2135"]
[BlackElo "2040"]

1.e4 e6 2.d4 d5 3.Nd2 a6 4.Ngf3 Nf6 5.Bd3 c5 6.dxc5 dxe4 7.Nxe4 Nxe4 8.Bxe4 Qxd1+
9.Kxd1 Bxc5 10.Ke2 Nc6 11.c3 Bd7 12.Rd1 Rd8 13.b4 Bb6 14.Bf4 O-O 15.Bd6 Rfe8
16.a4 Bc8 17.a5 Ba7 18.Bc7 Rxd1 19.Rxd1 h6 20.Bxc6 bxc6 21.Ne5 Bb7 22.Rd7 Bb8
23.Bxb8 Rxb8 24.Rc7 c5 25.Nd7 Rc8 26.Rxb7 cxb4 27.cxb4 Rc2+ 28.Ke3 Rc3+ 29.Kd2 Ra3
30.Rb8+ Kh7 31.Nf8+ Kg8 32.Nxe6+ Kh7 33.Nd4 Ra1 34.Rb6 Rg1 35.Rxa6 Rxg2 36.Ke3 Rxh2
37.b5 Rh1 38.b6 Rb1 39.Ra7 f6 40.Ne6 Re1+ 41.Kf3 Rxe6 42.b7 Re8 43.Ra8  1-0

[Event "Autoteam"]
[Site "Budapest"]
[Date "1991.??.??"]
[Round "7"]
[White "Schaefer, Markus"]
[Black "Mueller, Karsten"]
[Result "1/2-1/2"]
[WhiteElo "2460"]
[BlackElo "2425"]

1.e4 e6 2.d4 d5 3.Nd2 a6 4.Ngf3 c5 5.exd5 exd5 6.dxc5 Bxc5 7.Nb3 Bb6 8.Bd3 Ne7
9.O-O Nbc6 10.c3 O-O 11.Nfd4 Nxd4 12.cxd4 h6 13.Qh5 Qd6 14.Be3 Qf6 15.Rad1 Bf5
16.Be2 Bc2 17.Rd2 Bxb3 18.axb3 Rad8 19.Bd3 Nc6 20.Qf5 Qxf5 21.Bxf5 Rfe8 22.Ra1 g6
23.Bc2 Kg7 24.g3 Re7 25.Bd1 f5 26.h4 Bc7 27.Kg2 Rf7 28.Rc1 f4 29.gxf4 Bxf4
30.Rc5 Bb8 31.Bg4 Ba7 32.Rc1 Bb6 33.Kh3 Re8 34.Rg1 Kh7 35.Bd1 Ne7 36.h5 g5
37.Bc2+ Kh8 38.Kg4 Ref8 39.Rc1 Rf6 40.Bb1 Nc6 41.Kh3 Kg8 42.Bg6 Ne7 43.Bd3 Nf5
44.Bxf5 Rxf5 45.Rdc2 Kf7 46.Rc8 Ke6 47.Kg3 Rf3+ 48.Kg2 R3f7 49.Kg3 Kf5 50.f3 Ke6
51.Rxf8 Rxf8 52.f4 gxf4+ 53.Bxf4 Bxd4 54.Bxh6 Rh8 55.Bf4 Rxh5 56.Rc7 Rh1
57.Rxb7 Rb1 58.Kf3 Rxb2 59.Be3 Be5 60.Rb6+ Kf5  1/2-1/2

[Event "Cansys"]
[Site "Budapest"]
[Date "1991.??.??"]
[Round "7"]
[White "O'Donnell, Tom"]
[Black "Mueller, Karsten"]
[Result "1/2-1/2"]
[WhiteElo "2375"]
[BlackElo "2425"]

1.e4 e6 2.d4 d5 3.Nd2 a6 4.Ngf3 c5 5.exd5 exd5 6.Be2 cxd4 7.O-O Bd6 8.Re1 Ne7
9.Nb3 O-O 10.Nbxd4 h6 11.h3 Nbc6 12.Be3 Re8 13.c3 Na5 14.Bd3 Nc4 15.Qc2 Bd7
16.Re2 Rc8 17.Rae1 b5 18.Nf5 Nxf5 19.Bxf5 b4 20.Bd4 Rxe2 21.Rxe2 bxc3 22.Bxd7 Qxd7
23.Bxc3 Bc5 24.Qd3 Qb7 25.Qf5 Bf8 26.Qg4 Nd6 27.Nd2 Nb5 28.Be5 Rc1+ 29.Kh2 Qc6
30.Nb3 Rc4 31.Qf3 Re4 32.Rxe4 dxe4 33.Qe2 Qd5 34.Bf4 g5 35.Qd2 Qe6 36.Be3 f5
37.Kg1 f4 38.Bc5 Bg7 39.Qd8+ Kh7 40.Nd4 Qc4 41.Nxb5 axb5 42.Qe7 Qc1+ 43.Kh2 Qxb2
44.Qxe4+ Kh8 45.Qe8+ Kh7 46.Qe4+ Kh8 47.Qe8+ Kh7 48.a3 Qb3 49.Qe4+ Kg8 50.Qe8+ Kh7
51.Qd7 Kg6 52.h4 Qc4 53.h5+ Kxh5 54.Qxg7 Qxc5 55.Qf7+ Kh4 56.Qe6 Kh5 57.Qf7+ Kh4
58.Qg6 Qf8 59.Qd3 Kh5 60.Qxb5 Qxa3 61.Qe8+ Kh4  1/2-1/2

[Event "Utasellato NK"]
[Site "Budapest"]
[Date "1991.??.??"]
[Round "8"]
[White "Marciano, David"]
[Black "Grabert, Ralf"]
[Result "1/2-1/2"]
[WhiteElo "2310"]
[BlackElo "2305"]

1.e4 e6 2.d4 d5 3.Nd2 Nc6 4.Ngf3 Nf6 5.e5 Nd7 6.Be2 f6 7.exf6 Qxf6 8.Nf1 Bd6
9.Ne3 O-O 10.O-O Qg6 11.c4 Nf6 12.c5 Bf4 13.g3 Ne4 14.Ng2 Bxc1 15.Rxc1 Bd7
16.a3 Qh6 17.Ne3 Nxf2 18.Kxf2 e5 19.dxe5 Qxh2+ 20.Ng2 Bh3 21.Rg1 Rae8 22.Qxd5+ Kh8
23.e6 Bxe6 24.Qe4 Qh6 25.Qe3 Qf6 26.Nf4 Bg4 27.Qc3 g5 28.Qxf6+ Rxf6 29.Rc4 Bxf3
30.Bxf3 Ne5 31.Rd4 Ref8 32.Bxb7 gxf4 33.gxf4 Ng6 34.Ke3 Nxf4 35.Be4 Ne6 36.Rd7 R6f7
37.Rxf7 Rxf7 38.b4 Rg7 39.Rh1 Kg8 40.Rh6 Ng5  1/2-1/2

[Event "Cansys"]
[Site "Budapest"]
[Date "1991.??.??"]
[Round "9"]
[White "Zakic, Srdjan"]
[Black "Mueller, Karsten"]
[Result "1/2-1/2"]
[WhiteElo "2350"]
[BlackElo "2425"]

1.e4 e6 2.d4 d5 3.Nd2 a6 4.Ngf3 c5 5.dxc5 Bxc5 6.Bd3 Nc6 7.O-O Nf6 8.exd5 Nxd5
9.Ne4 Be7 10.c4 Nf6 11.Qe2 O-O 12.Rd1 Qc7 13.Bg5  1/2-1/2

[Event "Budapest IM"]
[Site "Budapest"]
[Date "1991.??.??"]
[Round "11"]
[White "Holzke, Frank"]
[Black "Almasi, Istvan"]
[Result "1/2-1/2"]
[WhiteElo "2345"]
[BlackElo "2280"]

1.e4 e6 2.d4 d5 3.Nd2 Be7 4.Bd3 c5 5.dxc5 Bxc5 6.Ngf3 Nf6 7.O-O Nc6 8.Qe2 h6
9.c4 O-O 10.e5 Nd7 11.cxd5 exd5 12.Nb3 Re8 13.Nxc5 Nxc5 14.Bb1 Bg4 15.Bf4 Rc8
16.Re1 Qa5  1/2-1/2

[Event "Buenos Aires Konex"]
[Site "Buenos Aires"]
[Date "1991.??.??"]
[Round "5"]
[White "Schweber, Samuel"]
[Black "Gomez Baillo, Jorge H"]
[Result "0-1"]
[WhiteElo "2375"]
[BlackElo "2425"]

1.e4 e6 2.d4 d5 3.Nd2 a6 4.e5 Bd7 5.Ngf3 Bb5 6.c4 dxc4 7.a4 Bc6 8.Bxc4 Ne7
9.O-O Nf5 10.Nb3 Bd5 11.Bd3 Nc6 12.Be3 Nb4 13.Be2 a5 14.Bd2 Be7 15.Bxb4 Bxb4
16.Rc1 O-O 17.Bd3 Qe7 18.Bc4 Bc6 19.Bb5 Bxb5 20.axb5 Rfd8 21.Qc2 Rac8 22.Qe4 Rd5
23.Nc5 Nxd4 24.Nxd4 Bxc5 25.Nf3 Rcd8 26.h4 h6 27.g4 Bb6 28.Rc2 Rxb5 29.Kg2 Rb4
30.Rc4 Rxc4 31.Qxc4 Qb4 32.Qxb4 axb4 33.Ra1 Kf8 34.Kf1 Ke7 35.Ke2 Rd5 36.Ra8 Rc5
37.Kd3 b3 38.Ra3 Rc2  0-1

[Event "Cacak"]
[Site "Cacak"]
[Date "1991.??.??"]
[Round "4"]
[White "Marinkovic, Ivan"]
[Black "Drasko, Milan"]
[Result "1-0"]
[WhiteElo "2455"]
[BlackElo "2500"]

1.e4 e6 2.d4 d5 3.Nd2 Nc6 4.Ngf3 Nf6 5.e5 Nd7 6.c3 f6 7.Bd3 fxe5 8.dxe5 Ndxe5
9.Nxe5 Nxe5 10.Qh5+ Nf7 11.Bxh7 Be7 12.Nf3 Bf6 13.g4 e5 14.Rg1 e4 15.g5 exf3
16.gxf6 Qxf6 17.Be3 Bd7 18.O-O-O O-O-O 19.Rg6 Qf5 20.Rxd5 Qxh5 21.Rxh5 Ne5
22.Rxg7 Nd3+ 23.Kc2 Ne1+ 24.Kb1 Be6 25.Bd4 b6 26.Re5 Bh3 27.Ree7 Rd7 28.Rxd7 Bxd7
29.Rxd7  1-0

[Event "Cacak"]
[Site "Cacak"]
[Date "1991.??.??"]
[Round "6"]
[White "Smagin, Sergey"]
[Black "Drasko, Milan"]
[Result "1/2-1/2"]
[WhiteElo "2550"]
[BlackElo "2500"]

1.e4 e6 2.d4 d5 3.Nd2 Be7 4.Ngf3 Nf6 5.e5 Nfd7 6.c4 c5 7.cxd5 exd5 8.dxc5 Nc6
9.a3 a5 10.Nb1 Ndxe5 11.Nxe5 Nxe5 12.Nc3 O-O 13.Qxd5 Qxd5 14.Nxd5 Bxc5 15.Be3 Bxe3
16.Nxe3  1/2-1/2

[Event "JUG-chT Cetinje"]
[Site "Cetinje"]
[Date "1991.??.??"]
[Round "1"]
[White "Marjanovic, Bodin"]
[Black "Vucinic, Pero"]
[Result "1-0"]
[WhiteElo "2305"]
[BlackElo "2325"]

1.e4 e6 2.d4 d5 3.Nd2 a6 4.Ngf3 c5 5.exd5 exd5 6.dxc5 Bxc5 7.Nb3 Ba7 8.Qe2+ Ne7
9.Be3 Nbc6 10.Bxa7 Rxa7 11.Nfd4 O-O 12.O-O-O Re8 13.Nxc6 bxc6 14.Qe3 Ra8
15.Qc5 Qc7 16.Bd3 Bf5 17.Bxf5 Qf4+ 18.Kb1 Nxf5 19.Qxc6 Ne7 20.Qc5 Rac8 21.Qd4 Qf5
22.Rd2 Red8 23.Qd3 Qf6 24.Re1 Ng6 25.Qd4 Qc6 26.Re3 Qb5 27.Qd3 Qb6 28.Rg3 a5
29.Rg5 a4 30.Nc1 Rb8 31.Qd4 a3 32.Qxb6 Rxb6 33.Nb3 Ne7 34.bxa3 Ra6 35.Re5 Kf8
36.Rde2 Ra7 37.a4 f6 38.Rh5 Rxa4 39.Rxh7 Kf7 40.Rd2 Rda8 41.c3 Rg4 42.g3 Rc4
43.Kb2 Rca4 44.Nc1 Rb8+ 45.Kc2 Rc8 46.Kd3 d4 47.Rc2 Rac4 48.Ne2 Nd5 49.Nxd4 Rxc3+
50.Rxc3 Rxc3+ 51.Ke4 Ne7 52.Rh8 Ra3 53.Rb8 Rxa2 54.Rb7 Ke8 55.Kf3 Ra3+ 56.Kg2 Ra6
57.h4 Kf8 58.h5 Rd6 59.Nf3 Rd5 60.g4 Rd3 61.Nh4 Ra3 62.f3 Ra2+ 63.Kg3 Ra4
64.Ng6+ Nxg6 65.hxg6 Ra8 66.f4 Re8 67.Kf3 Kg8 68.f5 Kf8 69.Rb4 Kg8 70.Re4 Rd8
71.Ke3 Kf8 72.Rb4 Ke8 73.Ke4 Kf8 74.Rd4 Re8+ 75.Kd5 Re1 76.Rb4 Rd1+ 77.Kc6 Rc1+
78.Kb7 Rc2 79.Kb8 Rc1 80.Rb7 Rc2 81.Rf7+ Kg8 82.Rc7 Rb2+ 83.Ka7 Ra2+ 84.Kb6 Rb2+
85.Ka5 Rb8 86.Ka6 Kf8 87.Rf7+ Kg8 88.Rb7 Ra8+ 89.Kb6 Kf8 90.Rf7+ Kg8 91.Ra7 Re8
92.Kc6 Kf8 93.Rf7+ Kg8 94.Rc7 Kf8 95.Rf7+ Kg8 96.Rd7 Kf8 97.Kd6 Ra8 98.Rf7+ Kg8
99.Rc7 Kf8 100.Kd7 Re8 101.Rc8 Rxc8 102.Kxc8 Ke8 103.Kc7 Ke7 104.Kc6 Kd8
105.Kd6 Ke8 106.Ke6 Kf8 107.Kd7 Kg8 108.Ke7 Kh8 109.g5 fxg5 110.Kf7 g4 111.f6 gxf6
112.g7+  1-0

[Event "Capablanca mem (Women)"]
[Site "Cienfuegos"]
[Date "1991.??.??"]
[Round "10"]
[White "De Armas, Asela"]
[Black "Arribas, Maritza"]
[Result "0-1"]
[WhiteElo "2210"]
[BlackElo "2210"]

1.e4 e6 2.d4 d5 3.Nd2 Nc6 4.c3 e5 5.exd5 Qxd5 6.Ngf3 exd4 7.Bc4 Qf5 8.cxd4 Be6
9.O-O O-O-O 10.Bxe6+ Qxe6 11.Re1 Qd5 12.Nb3 Nf6 13.Be3 Bb4 14.Re2 Rhe8 15.h3 Ne4
16.Rc1 h5 17.Rec2 Kb8 18.Qf1 g5 19.Rxc6 bxc6 20.Ne5 Re6 21.Rc4 c5 22.a3 f6
23.axb4 fxe5 24.bxc5 Rg8 25.Rb4+ Ka8 26.dxe5 g4 27.h4 g3 28.f3 Nf2 29.Nd4 Rxe5
30.Nb5 Re7 31.Bxf2 gxf2+ 32.Qxf2 c6 33.Nc3 Qe5 34.Re4 Qf6 35.Rxe7 Qxe7 36.Ne4 Qe5
37.Qe2 Rb8 38.Qa6 Qd5  0-1

[Event "Clichy op"]
[Site "Clichy"]
[Date "1991.??.??"]
[Round "5"]
[White "Brunner, Lucas"]
[Black "Vasconcellos, Jose"]
[Result "1-0"]
[WhiteElo "2460"]
[BlackElo "2080"]

1.e4 e6 2.d4 d5 3.Nd2 Be7 4.Ngf3 Nf6 5.Bd3 c5 6.exd5 exd5 7.dxc5 O-O 8.Nb3 a5
9.a4 Na6 10.Be3 Bg4 11.Bxa6 Rxa6 12.Qd3 Re6 13.Nfd4 Re5 14.O-O Bd7 15.Bd2 Ne4
16.Bxa5 Qb8 17.Bb6 Rh5 18.f4 g5 19.c4 gxf4 20.cxd5 f5 21.d6 Bf6 22.Ne2 Kh8
23.Nxf4 Rg5 24.Rae1 Rfg8 25.Nd4 Qf8 26.Re2 Qg7 27.c6 bxc6 28.Nf3 c5 29.Nxg5 Bd4+
30.Kh1 Qxg5 31.b4 Be5 32.Bxc5 Nxc5 33.bxc5 Bc6 34.Nd5  1-0